000 00653nam a2200193Ii 4500
003 JO-AjNU
008 230605s9999||||xx |||||||||||||| ||und||
040 _aJO-AjNU
_bara
_erda
_cJO-AjNU
041 _aara
050 1 4 _aPJ7692.S8 1980
100 3 _aتأليف زيفاكو،ميشال ؛ ترجمة طانيوس عبده,
_eauthor
_98956
245 0 0 _aرواية كبيتان، الجزء الأول
264 3 1 _aبيروت:دار الجيل،1980
300 _aج1، 350ص
336 _atext
_btxt
_2rdacontent
337 _aunmediated
_bn
_2rdamedia
338 _avolume
_bnc
_2rdacarrier
650 4 _aروايات مترجمة - كبيتان
_98957
999 _aA1052
_c4620
_d4620